000 00354nam a2200145Ia 4500
008 230917s9999||||xx |||||||||||||| ||und||
040 _e183346
_aMAIN
041 _aEnglish
082 _a579 R137M
100 _aRajendran, P
245 0 _aMicrobial bioremediation
260 _aChennai
_bMJP Publishers
_c2007
300 _axxiii, 282 p.
942 _cBK
999 _c161579
_d161579